00887nam a2200253Ia 450000500170000000800410001702000190005810000330007724500320011025000200014230000430016249000300020565000470023565000510028265000410033365000380037474000630041226400240047533600270049933700330052633800280055904000350058708400110062220220317001141.0160825s2007 sp a g 000 0 spa  a978843487220121 aSierra i Fabra, Jordid1947-10aRabiacJordi Sierra i Fabra a10a. edición  a201 páginas bilustraciones c21 cm  aGran angularpalerta roja142LEMBaNovela juvenil española ySiglo XX142LEMBaLiteratura juvenil española ySiglo XX142LEMBaAdolescentes en la literatura 142LEMBaEmociones en la literatura  aQué se siente en los últimos meses de la adolescencia? aMadridbS. M.c2007 atextobtxt2rdacontent asin mediaciónbn2rdamedia avolumenbnc2rdacarrier aCO-BoRNBPbspaerdacCO-BoRNBP aN SIE1